Νεοχώρι, Βάλτος, Στέρνα, 25 χρόνια μετά : μεταπτυχιακή διατριβή

Αποθηκεύτηκε σε:
Λεπτομέρειες βιβλιογραφικής εγγραφής
Κύριος συγγραφέας: Τρικαλιώτη, Ελευθερία
Συγγραφή απο Οργανισμό/Αρχή: Πανεπιστήμιο Αιγαίου Σχολή Περιβάλλοντος Τμήμα Περιβάλλοντος Πρόγραμμα Μεταπτυχιακών Σπουδών Γεωργία και Περιβάλλον
Άλλοι συγγραφείς: Γιούργα, Χριστίνα (Εισηγητής διατριβής)
Μορφή: Thesis Βιβλίο
Γλώσσα:Greek
Δημοσίευση: 2007
Θέματα:
Διαθέσιμο Online:http://hdl.handle.net/11610/15348
Ετικέτες: Προσθήκη ετικέτας
Δεν υπάρχουν, Καταχωρήστε ετικέτα πρώτοι!

MARC

LEADER 00000cam a2200000 i 4500
001 1/82536
008 080415s2007 gre d
035 |l 10096688 
040 |a GR-MY-UA  |b gre  |e aacr 
041 0 |a gre 
082 0 |a 338.1  |2 (22) 
100 1 |a Τρικαλιώτη, Ελευθερία. 
245 1 0 |a Νεοχώρι, Βάλτος, Στέρνα, 25 χρόνια μετά :  |b μεταπτυχιακή διατριβή /  |c Τρικαλιώτη Ελευθερία ; υπεύθυνη καθηγήτρια Γιούργα Χριστίνα 
260 |c 2007 
300 |a 127 σ.;  |c 30 εκ. 
502 |a Διατριβή (μεταπτυχιακή) – Πανεπιστήμιο Αιγαίου, Λέσβος, 2007. 
504 |a Βιβλιογραφία: σ. 96-104 
650 0 0 |a Agriculture  |z Greece  |z Thrace. 
650 0 0 |a Irrigation  |x Environmental aspects  |z Greece  |z Hevros. 
650 0 0 |a Dissertations, Academic  |z Greece. 
651 0 |a Hevros (Greece)  |x Environmental conditions. 
651 0 |a Hevros (Greece)  |x Economic conditions. 
700 1 |a Γιούργα, Χριστίνα.  |4 ths 
710 2 |a Πανεπιστήμιο Αιγαίου  |b Σχολή Περιβάλλοντος  |b Τμήμα Περιβάλλοντος  |b Πρόγραμμα Μεταπτυχιακών Σπουδών Γεωργία και Περιβάλλον. 
852 |a INST  |b LESVOS  |c DIATR  |e 20080415  |h 201  |p 005100039999  |q 005100039999  |t MTXE  |y 23 
852 |a INST  |b LESVOS  |c DIATR  |e 20080415  |h 202  |p 005100039989  |q 005100039989  |t MTXE  |y 23 
856 |u http://hdl.handle.net/11610/15348 
901 |a BIBL1-2008-1 
909 |a Λ  |b 141033 
909 |a Λ  |b 141032 
924 |a ΤΡΙΚΑΛΙΩΤΗ  |b ΕΛΕΥΘΕΡΙΑ  |y ΛΕΣΒΟΣ  |z 2007-12 
970 |a ΤΖΑΦΕΡΗ  |b ΕΥΑΓΓΕΛΙΑ  |z 2008/04/15